| 000 | 00418nam a2200121Ia 4500 | ||
|---|---|---|---|
| 008 | 170221s9999 xx 000 0 und d | ||
| 100 | _aMajharul Talukder | ||
| 245 | _aMobile Phone Banking Usage Behaviour: An Australian Perspective | ||
| 245 | _cMajharul Talukder, Ali Quazi, and Milind Sathye | ||
| 260 | _c2013 | ||
| 650 | _xBusiness | ||
| 856 | _uhttp://ro.uow.edu.au/cgi/viewcontent.cgi?article=1505&context=aabfj | ||
| 999 |
_c309643 _d309643 |
||